00402nam a2200145Ia 450000500170000000800460001703700120006304000200007504100130009508400230010810000160013124500580014726000370020530000140024220250508162633.0008 250505s9999 xx 000 0 hin d aTextual aFEDLbengcFEDL ahin2eng a372.216, AGRqFEDL aAgrawal J C 0aPurv-prathmik (nursery) shiksha ka itihas evam darsan aDelhi, IndiabDoada House c1986 aviii,152p